000 00500cam a22001934a 4500
005 20250605164153.0
008 250528s ||||||||||||||||||||||||d
035 _a19455
020 _a9604055267
040 _aGR-AtMCL
_bgre
_dGR-AtMCL
_eAACR2
245 1 _aΔΙΑΚΟΣΜΗΤΙΚΗ ΕΣΩΤΕΡΙΚΩΝ ΧΩΡΩΝ
250 _a1
260 _bΊων,
_c1995
300 _a129
700 1 _aΑρβανιτη -Χαροκοπου Α
_95706
942 _cBK
999 _c4711
_d4711